Dialogo in pubblico (Record no. 87920)

MARC details
000 -LEADER
fixed length control field 01611nam a2200313Ia 4500
001 - CONTROL NUMBER
control field D4271
003 - CONTROL NUMBER IDENTIFIER
control field IT-RoPAU
008 - FIXED-LENGTH DATA ELEMENTS--GENERAL INFORMATION
fixed length control field 130308s9999 xx 000 0 und d
040 ## - CATALOGING SOURCE
Original cataloging agency IT-RoPAU
040 ## - CATALOGING SOURCE
Transcribing agency IT-RoPAU
041 ## - LANGUAGE CODE
Language code of text/sound track or separate title ITALIANO
100 ## - MAIN ENTRY--PERSONAL NAME
Personal name Corti Maria
100 ## - MAIN ENTRY--PERSONAL NAME
Miscellaneous information Codice Aut. SPICS: 7780
245 ## - TITLE STATEMENT
Title Dialogo in pubblico
245 ## - TITLE STATEMENT
Remainder of title Dialogo in Pubblico
250 ## - EDITION STATEMENT
Edition statement 1a ed.
260 ## - PUBLICATION, DISTRIBUTION, ETC. (IMPRINT)
Place of publication, distribution, etc. MILANO
260 ## - PUBLICATION, DISTRIBUTION, ETC. (IMPRINT)
Name of publisher, distributor, etc. Rizzoli
260 ## - PUBLICATION, DISTRIBUTION, ETC. (IMPRINT)
Date of publication, distribution, etc. 1995 [1° Ed.:1995 - Ed.Ling.Originale:1995]
300 ## - PHYSICAL DESCRIPTION
Extent "300 p. (prefazione: no ; testo: 300)"
500 ## - GENERAL NOTE
General note "Intervista di Cristina Nesi a Maria Corti. La Scrittrice in una specie di Autobiografia Disegna la Mappa della Cultura del Novecento Italiano. si Serve di Materiali meno Prevedibili e Istituzionali, Come I Caffe' e I Ritrovidi Milano e Firenze, una Gita a Courmayeur, Un'Incursione in Vaticano... prime Letture e Primi Incontri. Maestri e Compagni di Percorso. Aria di Lombardia tra Caffe' e Riviste. Sterne, Manganelli e Pinocchio. Salento, L'Accademia e ""L'Albero"". La ""Zanzara"", Il Linguaggio Studentesco e Il 68. itinerari di una Felicità Mentale. Antologia di Viaggi. seduzione Intellettuale.Potere delle Cose Inutili. scritti di Maria Corti: Volumi, pubblicazioni su Periodici, Recensioni, Collaborazioni Ai Quotidiani ""Il Giorno"" e ""La Repubblica"", Traduzioni. interviste a Maria Corti. contributi Critici su Mariacorti."
650 ## - SUBJECT ADDED ENTRY--TOPICAL TERM
Topical term or geographic name as entry element SAGGI DI LINGUISTICA
650 ## - SUBJECT ADDED ENTRY--TOPICAL TERM
Relator term Codice materia Spics: 3207
700 ## - ADDED ENTRY--PERSONAL NAME
Personal name Nesi Cristina
700 ## - ADDED ENTRY--PERSONAL NAME
Miscellaneous information Codice Aut. SPICS: 44554
942 ## - ADDED ENTRY ELEMENTS (KOHA)
Koha item type LIBRO
957 ## -
-- 1
999 ## - SYSTEM CONTROL NUMBERS (KOHA)
-- 1
Holdings
Withdrawn status Lost status Damaged status Not for loan Home library Current library Date acquired Total Checkouts Full call number Date last seen Price effective from Koha item type Public note
    Buone Condizioni Not For Loan SPICS-MEDIATECA SPICS-MEDIATECA 08/03/2013   D4271 08/03/2013 08/03/2013 LIBRO Progressivo inserimento: 3513 / N. Volumi: 1 Copie: 1 / data import: 1 marzo 2013 - By Epidotti, Trombetti, Vaglietti.
CREDITS: SOCIETA' SAN PAOLO Via A.Severo, 58 - ROMA (RM) & PERIODICI SAN PAOLO SRL Via Giotto, 36 MILANO & CISF Via Giotto, 36 MILANO & EDIZIONI SAN PAOLO SRL,  Piazza Soncino, 5 CINISELLO BALSAMO (MI) -- ITALY